000 00188 a2200097 4500
020 _a9789707704626
041 _aspa
100 _aRoncagliolo, Santiago
245 _aAbril Rojo
942 _cBK
999 _c8616
_d8616